Random Asian Geography#1 - Statistics

General Stats
  • This quiz has been taken 33 times
  • The average score is 14 of 19
Answer Stats
Question Letter Answer % Correct
City that returned from The british to China in 1997 H Hong Kong
100%
Biggest Country in the world R Russia
100%
Capital of Japan T Tokyo
100%
Countries that border Mongolia C And R China and Russia
97%
Biggest Country Russia Borders C China
93%
Biggest Korea N North Korea
93%
Sea Between Japan and the Two Koreas J Sea of Japan
90%
City that returned From PortugalTo China M Macau
87%
Biggest City in India N New Delhi
87%
Biggest Island of Japan H Honshu
83%
Smallest Country In Asia M Maldives
83%
Biggest island in Indonesia S Sumatra
83%
Island that has Kalimantan and the smaller partof Malaysia. B Borneo
77%
Biggest Island in China H Hainan
73%
China's Best friend C Cambodia
63%
Capital of Tamil Nadu C Chennai
60%
China's smallest Province H Hainan
37%
India's Union territory with 1000 Islands L Lakshadweep
17%
India's Southernmost city K Kunyakumari
3%
No matching quizzes found
Score Distribution
Percent of People with Each Score
Percentile by Number Answered
Your Score History
You have not taken this quiz